F. Basolo, R. C. Johnson: COORDINATION CHEMISTRY.

Bibliographic Details
Main Author: Zikmund, Miroslav, 1921-2023 (Author)
Format: Article
Language:Slovak

MARC

LEADER 00000nab a2200000uu 4500
001 vtls010875996
003 SK-MaSNL
005 20260303185820.0
008 230303|1965 xo |||||||||||||||||slo|
015 |a SNBRB 
035 |a (urnnbn)urn:nbn:sk:snk:ar-0061lv 
035 |a (uuid)803b2fac-121c-4664-9b0f-340591591c43 
035 |a urn:nbn:sk:snk-ab7pqh 
040 |a SNKBUCL  |b slo  |c SNKBUCL  |e AACR2 
041 0 |a slo 
044 |a xo  |c SK 
100 1 |a Zikmund, Miroslav,  |d 1921-2023  |4 aut  |9 100214 
245 1 0 |a F. Basolo, R. C. Johnson: COORDINATION CHEMISTRY.  |c M. Zikmund 
773 0 |t Chemické zvesti  |g Roč. 19, č. 3 (1965), s. 240-241 
958 |a OND 
958 |a EUIPO 
958 |a article8 
999 |c 2133113  |d 2135043